MARC details
| 000 -CABECERA |
| campo de control de longitud fija |
00902nam a2200229 a 4500 |
| 003 - IDENTIFICADOR DEL NÚMERO DE CONTROL |
| campo de control |
MX-MxUPN |
| 005 - FECHA Y HORA DE LA ÚLTIMA TRANSACCIÓN |
| campo de control |
20240313153124.0 |
| 008 - ELEMENTOS DE LONGITUD FIJA--INFORMACIÓN GENERAL |
| campo de control de longitud fija |
230602n1920 mx a||||r|||| 000 0 spa d |
| 040 ## - FUENTE DE LA CATALOGACIÓN |
| Centro catalogador/agencia de origen |
MX-MxUPN |
| Lengua de catalogación |
spa |
| Centro/agencia transcriptor |
MX-MxUPN |
| 041 0# - CÓDIGO DE IDIOMA |
| Código de lengua del texto/banda sonora o título independiente |
spa |
| 050 14 - SIGNATURA TOPOGRÁFICA DE LA BIBLIOTECA DEL CONGRESO |
| Número de clasificación |
LB1573 |
| Número de documento/Ítem |
R43 1920 |
| 100 1# - ASIENTO PRINCIPAL--NOMBRE PERSONAL |
| Nombre de persona |
Rébsamen, Enrique C., |
| Fechas asociadas al nombre |
1857-1904 |
| 9 (RLIN) |
28503 |
| 245 13 - MENCIÓN DE TÍTULO |
| Título |
La enseñanza de la escritura y lectura en el primer año escolar : |
| Resto del título |
guía metodológica para maestros y alumnos normales |
| 250 ## - MENCIÓN DE EDICIÓN |
| Mención de edición |
Cuarta edición. |
| 260 ## - PUBLICACIÓN, DISTRIBUCIÓN, ETC. |
| Lugar de publicación, distribución, etc. |
México : |
| Nombre del editor, distribuidor, etc. |
Sociedad de Edición y de Librería Franco Americana, |
| Fecha de publicación, distribución, etc. |
[1920?] |
| 300 ## - DESCRIPCIÓN FÍSICA |
| Extensión |
185 páginas : |
| Otras características físicas |
ilustraciones ; |
| Dimensiones |
18 cm. |
| 650 #4 - ASIENTO SECUNDARIO DE MATERIA - TERMINO TEMATICO |
| Término de materia o nombre geográfico como elemento de entrada |
Lectura |
| Subdivisión general |
Estudio y enseñanza (Elemental) |
| 9 (RLIN) |
2805 |
| 650 #4 - ASIENTO SECUNDARIO DE MATERIA - TERMINO TEMATICO |
| Término de materia o nombre geográfico como elemento de entrada |
Escritura |
| Subdivisión general |
Estudio y enseñanza (Elemental) |
| 9 (RLIN) |
2804 |
| 710 2# - ASIENTO SECUNDARIO - NOMBRE CORPORATIVO |
| Nombre de entidad corporativa o nombre de jurisdicción como elemento de entrada |
Museo Pedagógico Nacional (México) |
| 9 (RLIN) |
51335 |
| Término indicativo de función/relación |
propietario anterior |
| 902 ## - ELEMENTOS DE DATOS B LOCAL, LDB (RLIN) |
| Creó |
Víctor Ruiz/020623 |
| 942 ## - ELEMENTOS DE PUNTO DE ACCESO ADICIONAL (KOHA) |
| Fuente del sistema de clasificación o colocación |
Library of Congress Classification |
| Tipo de ítem Koha |
Libro |